| 000 | 00677nam a22002177a 4500 | ||
|---|---|---|---|
| 005 | 20251108174737.0 | ||
| 008 | 250721s2008 xx 000 0 ara d | ||
| 082 | 1 | 4 | _a923.143/هتل |
| 100 | 1 | _aهتلر، أدولف | |
| 245 | 1 | 0 | _aمذكرات أدولف هتلر : كفاحي / |
| 264 | 1 |
_aعمان : _bالأهلية للنشر و التوزيع، _c2008. |
|
| 300 | _a352ص. | ||
| 600 | 0 | 7 | _aأدولف هتلر |
| 650 | 1 | 7 | _aالتراجم |
| 650 | 1 | 7 | _aرؤساء الدول |
| 650 | 1 | 7 | _aتاريخ ألمانيا |
| 700 | 1 |
_aالحيدري، هشام _eمترجم |
|
| 700 | 1 |
_aالجراح، عصام _eمراجع |
|
| 942 |
_2ddc _cBK |
||
| 999 |
_c116906 _d116906 |
||